000 009180000a22002170004500
020 _a84-330-1470-6
082 0 4 _aG 270.092 H2242m
100 1 _aHamman, Adalbert G. (1910-)
245 1 0 _aMatrimonio y virginidad en la iglesia antigua / Adalbert G. Hamman ; traducido por Ramón Alfonso Díez Aragón y María del Carmen Blanco Moreno
260 _aCol. Biblioteca Catecumenal
300 _a212 p.
500 _aTítulo original en francés: mariage et virginité dans l'Église ancienne
501 _arústico
505 0 0 _aDos cartas dirigidas a las vírgenes -- Tertuliano, a su esposa -- Gregorio de Nisa, vida de Macrina -- Ambrosio de Milán
650 1 4 _aIGLESIA - HISTORIA \ MATRIMONIO - PATRISTICA \ PATRISTICA \ MATRIMONIO - PADRES DE LA IGLESIA
001 13144
942 _cBK
999 _c42134
_d42134
336 _atexto
_btxt
_2rdacontent
337 _2rdamedia
_asin mediación
_bn
338 _2rdacarrier
_avolumen
_bnc